| 000 | 02125pam a2200361 a 4500 | ||
|---|---|---|---|
| 001 | 2235544 | ||
| 003 | ARRUPE | ||
| 005 | 20140924175239.0 | ||
| 008 | 970805s1998 nyu b 001 0 eng | ||
| 010 | _a 97036235 //r97 | ||
| 020 | _a0195118340 (cloth) | ||
| 035 | _a(OCoLC)37464262 | ||
| 035 | _a(OCoLC)ocm37464262 | ||
| 035 | _a(NNC)2235544 | ||
| 040 |
_aDLC _cDLC _dDLC _dOrLoB-B |
||
| 050 | 0 | 0 |
_aBM645.H85 _bG66 1998 |
| 082 | 0 | 0 |
_a296.3/82 _221 |
| 100 | 1 |
_aGoodman, Lenn Evan, _d1944- _911655 |
|
| 245 | 1 | 0 |
_aJudaism, human rights, and human values / _cLenn E. Goodman. |
| 260 |
_aNew York : _bOxford University Press, _cc1998. |
||
| 300 |
_axxi, 202 p. ; _c25 cm. |
||
| 504 | _aIncludes bibliographical references (p. 181-183) and index. | ||
| 505 | 0 | 0 |
_g1. _tThe Idea of Deserts -- _g2. _tJudaism and Human Rights -- _g3. _tAbortion and the Emergence of Life -- _g4. _tOn Liberty Reconsidered -- _g5. _tThe Rights and Wrongs of Nations. |
| 520 | _aFollowing on the heels of his critically acclaimed God of Abraham (Oxford, 1996), Lenn E. Goodman here focuses on rights, their grounding in the deserts of beings, and the dignity of persons. In an incisive contemporary dialogue between reason and revelation, Goodman argues for ethical standards and public policies that respect human rights and support the preservation of all beings: animals, plants, econiches, species, habitats, and the monuments of nature and culture. | ||
| 520 | 8 | _aImmersed in the Jewish and philosophical sources, Goodman's argument ranges from the fetus in the womb to the modern nation state, from the problems of pornography and tobacco advertising to the rights of parents and children, individuals and communities, the powerful and powerless - the most ancient and the most immediate problems of human life and moral responsibility. | |
| 600 | 1 | 0 |
_aMill, John Stuart, _d1806-1873. _tOn liberty. _97963 |
| 650 | 0 |
_aHuman rights _xReligious aspects _xJudaism. _911656 |
|
| 650 | 0 |
_aHuman rights _xPhilosophy. _911657 |
|
| 650 | 0 |
_aLiberty. _97967 |
|
| 650 | 0 |
_aJewish ethics. _91421 |
|
| 900 | _bTOC | ||
| 942 |
_2lcc _cMONOGRAPH |
||
| 999 |
_c120958 _d120958 |
||